[Event "Fuerteventura (Women)"]
[Site "Corralejo"]
[Date "2019.09.24"]
[Round "5"]
[White "Safranska, Anda"]
[Black "Rodriguez Redondo, Adhara"]
[Result "0-1"]
[WhiteElo "2139"]
[BlackElo "2065"]
[PlyCount "96"]
[EventDate "2019.09.21"]
[EventType "tourn"]
[EventRounds "9"]
[EventCountry "ESP"]
[SourceTitle "EXT 2020"]
[Source "ChessBase"]
[SourceDate "2019.10.17"]
[SourceVersion "1"]
[SourceVersionDate "2019.10.17"]
[SourceQuality "1"]

1. Nf3 d5 2. g3 e6 3. Bg2 c5 4. 0-0 Nc6 5. d3 Bd6 6. e4 Nge7 7. Re1 Qc7 8. Nc3 d4 9. Nb5 Qb8 10. Nxd6+ Qxd6 11. e5 Qc7 12. h4 Bd7 13. c4 0-0-0 14. a3 f6 15. exf6 gxf6 16. b4 e5 17. bxc5 Rdg8 18. Rb1 Nf5 19. Kf1 Nxg3+ 20. fxg3 Rxg3 21. Rb2 Rhg8 22. Ng1 Bf5 23. Re4 Bxe4 24. dxe4 Qg7 25. Qe2 Qf7 26. Bh6 Rxg2 27. Qxg2 Rxg2 28. Rxg2 Qxc4+ 29. Kf2 Qxc5 30. Rg8+ Kc7 31. Nf3 Qxa3 32. Rg7+ Kb6 33. Rxh7 Qd3 34. Rf7 Qxe4 35. Rxf6 a5 36. Kg3 a4 37. Bf8 Qe3 38. Kg4 a3 39. Bxa3 Qxa3 40. h5 Qe7 41. Kf5 Qh7+ 42. Kg5 Kc5 43. h6 e4 44. Nh4 Ne7 45. Re6 Qg8+ 46. Kf6 Nd5+ 47. Kf5 Qf7+ 48. Ke5 Qf4# 0-1

[Event "FRA-ch (Women)"]
[Site "Chartres"]
[Date "2019.08.19"]
[Round "3"]
[White "Maisuradze, Nino"]
[Black "Safranska, Anda"]
[Result "1-0"]
[WhiteElo "2203"]
[BlackElo "2128"]
[PlyCount "73"]
[EventDate "2019.08.17"]
[EventType "tourn"]
[EventRounds "9"]
[EventCountry "FRA"]
[SourceTitle "EXT 2020"]
[Source "ChessBase"]
[SourceDate "2019.10.17"]
[SourceVersion "1"]
[SourceVersionDate "2019.10.17"]
[SourceQuality "1"]

1. d4 d6 2. e4 g6 3. Nc3 a6 4. f4 b5 5. Nf3 Bb7 6. Bd3 Bg7 7. Be3 Nd7 8. e5 e6 9. 0-0 Ne7 10. Qd2 Nb6 11. Qe2 0-0 12. Rad1 Qd7 13. Ne4 Ned5 14. Bd2 f5 15. exf6 Nxf6 16. Neg5 Rae8 17. Rde1 Bc8 18. c3 Nbd5 19. Nh4 Qd8 20. Bc2 c6 21. Kh1 Bd7 22. a3 Bc8 23. b3 Nc7 24. c4 Nd7 25. Ba5 Nf6 26. Rf3 Nh5 27. Qe4 d5 28. Qe3 dxc4 29. Bxc7 Qxc7 30. Nxh7 Rxf4 31. Nxg6 Bxd4 32. Qd2 Rxf3 33. gxf3 Bg7 34. Qg5 cxb3 35. Be4 Qf7 36. Qxh5 b2 37. Ng5 1-0

[Event "FRA-ch (Women)"]
[Site "Chartres"]
[Date "2019.08.17"]
[Round "1"]
[White "Navrotescu, Andreea Cristiana"]
[Black "Safranska, Anda"]
[Result "1-0"]
[WhiteElo "2210"]
[BlackElo "2128"]
[PlyCount "65"]
[EventDate "2019.08.17"]
[EventType "tourn"]
[EventRounds "9"]
[EventCountry "FRA"]
[SourceTitle "EXT 2020"]
[Source "ChessBase"]
[SourceDate "2019.10.17"]
[SourceVersion "1"]
[SourceVersionDate "2019.10.17"]
[SourceQuality "1"]

1. d4 g6 2. c4 Bg7 3. e4 d6 4. Nc3 e5 5. Nge2 Nc6 6. Be3 Nh6 7. f3 f5 8. d5 Ne7 9. Qd2 Nf7 10. g3 0-0 11. Bg2 c5 12. 0-0 Kh8 13. a3 Ng8 14. exf5 Bxf5 15. g4 Bd7 16. Ne4 b6 17. N2g3 Rb8 18. Rf2 Qe7 19. Bf1 Bh6 20. g5 Bg7 21. Bd3 Bf5 22. h4 h5 23. gxh6 Nfxh6 24. Bg5 Qd7 25. Rh2 Bxe4 26. Bxe4 Nf5 27. h5 Nge7 28. hxg6+ Kg8 29. Bxe7 Nxe7 30. Qg5 Rf4 31. Rh7 Bf6 32. Qh6 Rxe4 33. Rh8+ 1-0

[Event "Barbera del Valles op 42nd"]
[Site "Barbera del Valles"]
[Date "2019.07.05"]
[Round "2"]
[White "Laddha, Yash Jayesh"]
[Black "Safranska, Anda"]
[Result "1-0"]
[WhiteElo "1592"]
[BlackElo "2180"]
[PlyCount "95"]
[EventDate "2019.07.04"]
[EventType "swiss"]
[EventRounds "9"]
[EventCountry "ESP"]
[SourceTitle "CBM 191 Extra"]
[Source "ChessBase"]
[SourceDate "2019.09.30"]
[SourceVersion "1"]
[SourceVersionDate "2019.09.30"]
[SourceQuality "1"]

1. e4 c6 2. d4 g6 3. Nf3 Bg7 4. Be2 Na6 5. 0-0 Nc7 6. h3 d5 7. e5 Nh6 8. Bf4 Ne6 9. Bh2 f6 10. exf6 exf6 11. Re1 0-0 12. c3 Nf7 13. Nbd2 Re8 14. Bd3 Bh6 15. Qc2 Bd7 16. Rad1 Kh8 17. c4 Re7 18. Re2 Nf8 19. Bc7 Qe8 20. Rxe7 Qxe7 21. Re1 Be6 22. Bh2 Qd7 23. Nb3 b6 24. Nh4 dxc4 25. Bxc4 Bxc4 26. Qxc4 Re8 27. Rxe8 Qxe8 28. Nf3 Ng5 29. Nbd2 Nxf3+ 30. Nxf3 Qe4 31. Bb8 Ne6 32. Qa6 Bc1 33. Qxa7 Bxb2 34. Qxb6 Ba3 35. Qb7 Kg8 36. Qc8+ Kg7 37. Qd7+ Kh6 38. Qe8 Qb1+ 39. Kh2 Ng5 40. Nxg5 fxg5 41. Be5 Qxa2 42. Qd7 Qg8 43. Qxc6 Qf7 44. Qf6 Qa7 45. h4 Qe7 46. hxg5+ Kh5 47. Qf3+ Kxg5 48. Bf4+ 1-0

[Event "FRA-chT Top 12 (Women) GpA"]
[Site "Vandoeuvre"]
[Date "2019.05.03"]
[Round "3.1"]
[White "Safranska, Anda"]
[Black "Daulyte Cornette, Deimante"]
[Result "0-1"]
[WhiteElo "2188"]
[BlackElo "2433"]
[PlyCount "94"]
[EventDate "2019.05.02"]
[EventType "team-tourn"]
[EventRounds "5"]
[EventCountry "FRA"]
[SourceTitle "CBM 190 Extra"]
[Source "ChessBase"]
[SourceDate "2019.07.15"]
[SourceVersion "1"]
[SourceVersionDate "2019.07.15"]
[SourceQuality "1"]
[WhiteTeam "Montpellier (W)"]
[BlackTeam "Monaco (W)"]
[WhiteTeamCountry "FRA"]
[BlackTeamCountry "FRA"]

1. Nf3 d5 2. g3 Nf6 3. Bg2 c5 4. d3 Nc6 5. 0-0 e6 6. Nbd2 g6 7. e4 Bg7 8. Re1 0-0 9. c3 a5 10. a4 b6 11. exd5 exd5 12. Nb3 Bf5 13. d4 c4 14. Nbd2 Rc8 15. Nf1 Bd3 16. Be3 Ne4 17. N3d2 f5 18. f3 Nd6 19. Nb1 f4 20. Bxf4 Rxf4 21. gxf4 Qh4 22. Re3 Re8 23. Rxe8+ Nxe8 24. Nbd2 Nxd4 25. Qe1 Ne2+ 26. Kh1 Qxe1 27. Rxe1 Kf7 28. Ng3 Nxf4 29. Bf1 Nd6 30. Bxd3 Nxd3 31. Rb1 Nb7 32. Ne2 Nbc5 33. b3 Bh6 34. f4 cxb3 35. Nxb3 Nxa4 36. Nbd4 Nab2 37. Kg2 a4 38. Kf3 Nc4 39. Ra1 a3 40. Nb5 Bf8 41. Ned4 Bc5 42. Nc7 Bxd4 43. cxd4 Nb4 44. Nb5 a2 45. Ke2 Na5 46. Nc3 Nb3 47. Nxa2 Nxa2 0-1

[Event "FRA-chT Top 12 (Women) GpA"]
[Site "Vandoeuvre"]
[Date "2019.05.02"]
[Round "1.1"]
[White "Safranska, Anda"]
[Black "Skripchenko, Almira"]
[Result "0-1"]
[WhiteElo "2188"]
[BlackElo "2406"]
[PlyCount "86"]
[EventDate "2019.05.02"]
[EventType "team-tourn"]
[EventRounds "5"]
[EventCountry "FRA"]
[SourceTitle "CBM 190 Extra"]
[Source "ChessBase"]
[SourceDate "2019.07.15"]
[SourceVersion "1"]
[SourceVersionDate "2019.07.15"]
[SourceQuality "1"]
[WhiteTeam "Montpellier (W)"]
[BlackTeam "Asnieres (W)"]
[WhiteTeamCountry "FRA"]
[BlackTeamCountry "FRA"]

1. Nf3 c5 2. g3 Nc6 3. Bg2 g6 4. e4 Bg7 5. 0-0 e5 6. d3 Nge7 7. c3 0-0 8. a3 d6 9. b4 h6 10. Nbd2 Be6 11. Re1 b6 12. Nb3 Qd7 13. Bb2 Rac8 14. Rb1 f5 15. exf5 gxf5 16. b5 Nd8 17. c4 Nf7 18. Nbd2 Ng6 19. h4 Rfe8 20. Qc2 Qc7 21. Nf1 Qd7 22. a4 h5 23. Ne3 Ne7 24. Nf1 Rf8 25. Rbd1 Ng6 26. Ne3 f4 27. Nd5 Bg4 28. Rb1 Ne7 29. Nxe7+ Qxe7 30. Nd2 Nh6 31. Bd5+ Kh8 32. Ne4 Nf5 33. Ng5 Nd4 34. Bxd4 cxd4 35. Kg2 Bh6 36. Nf3 Qg7 37. Nh2 fxg3 38. fxg3 Bf4 39. Nf1 Rf6 40. Kh1 Bh6 41. Qg2 Rcf8 42. Rb2 Qd7 43. Qg1 Qf5 0-1

[Event "San Sebastian op 42nd"]
[Site "San Sebastian"]
[Date "2019.04.20"]
[Round "9"]
[White "Safranska, Anda"]
[Black "Suarez Garcia, Carlos"]
[Result "0-1"]
[WhiteElo "2167"]
[BlackElo "2424"]
[PlyCount "110"]
[EventDate "2019.04.13"]
[EventType "swiss"]
[EventRounds "9"]
[EventCountry "ESP"]
[SourceTitle "CBM 189 Extra"]
[Source "ChessBase"]
[SourceDate "2019.06.03"]
[SourceVersion "1"]
[SourceVersionDate "2019.06.03"]
[SourceQuality "1"]

1. Nf3 c5 2. g3 Nc6 3. e4 g6 4. Bg2 Bg7 5. 0-0 e5 6. c3 Nge7 7. Na3 0-0 8. Nc2 b6 9. d4 exd4 10. cxd4 d6 11. d5 Na5 12. Re1 Nc4 13. Rb1 Bg4 14. h3 Bxf3 15. Bxf3 Ne5 16. Bg2 c4 17. Bf1 Qd7 18. Kg2 Qa4 19. Na3 Qa6 20. b3 Nd3 21. Bxd3 cxd3 22. Re3 f5 23. Qxd3 Qxd3 24. Rxd3 fxe4 25. Rd1 Rf5 26. Nc4 Raf8 27. Be3 Nxd5 28. Rd2 Nc3 29. Rc1 d5 30. Nd6 Rf3 31. Rxc3 Bxc3 32. Rxd5 Rd8 33. Nxe4 Rxd5 34. Kxf3 Bd4 35. Bd2 Rd8 36. Ke2 Bg7 37. f4 h6 38. g4 Kf7 39. Ng3 Rc8 40. Kd3 Rd8+ 41. Ke2 Bf6 42. Ne4 Rd5 43. Be1 Ke6 44. Bd2 Kf7 45. Be1 Rd7 46. Bd2 Bb2 47. Ng3 Rc7 48. f5 Bc1 49. fxg6+ Kxg6 50. Be1 Bf4 51. Nf5 Rc2+ 52. Kd3 Rxa2 53. Nh4+ Kh7 54. Nf3 Rb2 55. Kc3 Re2 0-1

[Event "Chennai op 11th"]
[Site "Chennai"]
[Date "2019.01.21"]
[Round "5"]
[White "Deviatkin, Andrei"]
[Black "Safranska, Anda"]
[Result "1-0"]
[WhiteElo "2461"]
[BlackElo "2139"]
[PlyCount "115"]
[EventDate "2019.01.18"]
[EventType "swiss"]
[EventRounds "10"]
[EventCountry "IND"]
[SourceTitle "CBM 188 Extra"]
[Source "ChessBase"]
[SourceDate "2019.02.26"]
[SourceVersion "1"]
[SourceVersionDate "2019.02.26"]
[SourceQuality "1"]

1. e4 c6 2. Nc3 d5 3. Nf3 Bg4 4. h3 Bxf3 5. Qxf3 e6 6. d4 Nf6 7. Bd3 Be7 8. Be3 dxe4 9. Nxe4 Na6 10. c3 Nc7 11. 0-0 0-0 12. Rad1 Ncd5 13. Bc1 Nxe4 14. Qxe4 Nf6 15. Qh4 g6 16. Rfe1 Nh5 17. Qg4 Re8 18. Re5 Nf6 19. Qe2 Nd7 20. Re4 Bf6 21. Bc2 Bg7 22. Qf3 Qb6 23. h4 Rf8 24. h5 Rae8 25. hxg6 hxg6 26. g3 e5 27. Bb3 Qc7 28. Be3 Nf6 29. Rxe5 Rxe5 30. dxe5 Qxe5 31. Bxa7 Qc7 32. Bc5 Rd8 33. Rxd8+ Qxd8 34. Bd4 Qe7 35. Qe3 Qd7 36. Qg5 Nd5 37. Bxg7 Kxg7 38. Bxd5 cxd5 39. Qe5+ Kg8 40. Qd4 Qf5 41. Kg2 Qb1 42. Qb4 Qxa2 43. Qxb7 Qc4 44. Qb8+ Kg7 45. Qe5+ Kg8 46. b4 Qc6 47. Qd4 Qb7 48. Kg1 Kf8 49. Qc5+ Ke8 50. b5 Kd7 51. Kf1 Ke6 52. Ke2 Qa8 53. Qb6+ Kd7 54. Qa6 Qe8+ 55. Kd2 Qe4 56. Qc6+ Ke7 57. Qc5+ Kd7 58. b6 1-0

[Event "Mumbai Wealth op 4th"]
[Site "Mumbai"]
[Date "2019.01.05"]
[Round "7"]
[White "Prajesh, R."]
[Black "Safranska, Anda"]
[Result "1/2-1/2"]
[WhiteElo "2102"]
[BlackElo "2189"]
[PlyCount "109"]
[EventDate "2018.12.30"]
[EventType "swiss"]
[EventRounds "9"]
[EventCountry "IND"]
[SourceTitle "CBM 188 Extra"]
[Source "ChessBase"]
[SourceDate "2019.02.26"]
[SourceVersion "1"]
[SourceVersionDate "2019.02.26"]
[SourceQuality "1"]

1. d4 d6 2. e4 Nf6 3. Nc3 g6 4. Bg5 Bg7 5. Qd2 h6 6. Bf4 a6 7. a4 Nc6 8. d5 Nb8 9. Nf3 Nbd7 10. Nd4 Nc5 11. f3 e5 12. dxe6 Nxe6 13. Nxe6 Bxe6 14. Be2 Nd7 15. a5 Ne5 16. Nd5 Bxd5 17. Qxd5 Rb8 18. 0-0 0-0 19. Rfd1 g5 20. Be3 Ng6 21. Qb3 Be5 22. g3 Qc8 23. Ra4 c5 24. Kg2 Qc6 25. Qa3 Bxb2 26. Qa2 Be5 27. Bc4 Kg7 28. Bd5 Qd7 29. Ra3 Qe7 30. Rb1 Rfc8 31. Rab3 Rc7 32. Rb6 Qf6 33. Rxb7 Rbxb7 34. Rxb7 Rxb7 35. Bxb7 Bd4 36. Bd2 Ne5 37. Qa3 c4 38. f4 gxf4 39. Bxf4 Qg6 40. c3 Qg4 41. Bxe5+ Bxe5 42. Qa2 h5 43. Qxc4 h4 44. Qd3 hxg3 45. hxg3 Qd7 46. Qxa6 Bxc3 47. Qb6 Bxa5 48. Qd4+ Kg8 49. Bd5 Qc7 50. Qf6 Qc2+ 51. Kh3 Qc8+ 52. g4 Qc3+ 53. Qxc3 Bxc3 54. g5 Kg7 55. Kg4 1/2-1/2

[Event "Mumbai Wealth op 4th"]
[Site "Mumbai"]
[Date "2019.01.03"]
[Round "5"]
[White "Kulkarni, Vikramaditya"]
[Black "Safranska, Anda"]
[Result "1-0"]
[WhiteElo "2345"]
[BlackElo "2189"]
[PlyCount "57"]
[EventDate "2018.12.30"]
[EventType "swiss"]
[EventRounds "9"]
[EventCountry "IND"]
[SourceTitle "CBM 188 Extra"]
[Source "ChessBase"]
[SourceDate "2019.02.26"]
[SourceVersion "1"]
[SourceVersionDate "2019.02.26"]
[SourceQuality "1"]

1. c4 d6 2. d4 e5 3. Nf3 e4 4. Nfd2 f5 5. e3 Nf6 6. Nc3 g6 7. h3 c6 8. g4 Na6 9. Be2 Nc7 10. b4 Bg7 11. gxf5 Bxf5 12. Nf1 a5 13. bxa5 Rxa5 14. Qb3 Bc8 15. Bd2 Ra7 16. Ng3 Qe7 17. h4 h6 18. Qb1 d5 19. cxd5 cxd5 20. Qb6 Ra8 21. h5 g5 22. Rc1 Na6 23. Bxa6 Rxa6 24. Nxd5 Rxb6 25. Rxc8+ Kd7 26. Rc7+ Kd6 27. Rxe7 Rb1+ 28. Ke2 Rxh1 29. Rxg7 1-0

[Event "FRA-ch (Women)"]
[Site "Nimes"]
[Date "2018.08.25"]
[Round "8"]
[White "Afraoui, Anaelle"]
[Black "Safranska, Anda"]
[Result "0-1"]
[WhiteElo "2041"]
[BlackElo "2193"]
[PlyCount "110"]
[EventDate "2018.08.18"]
[EventType "tourn"]
[EventRounds "9"]
[EventCountry "FRA"]
[SourceTitle "CBM 186 Extra"]
[Source "ChessBase"]
[SourceDate "2018.08.24"]
[SourceVersion "1"]
[SourceVersionDate "2018.08.24"]
[SourceQuality "1"]

1. e4 g6 2. d4 Bg7 3. Nc3 c6 4. Nf3 d6 5. Be3 b5 6. Bd3 Nd7 7. Qd2 a6 8. 0-0 e5 9. a4 b4 10. Ne2 a5 11. c3 bxc3 12. Nxc3 Ngf6 13. h3 0-0 14. Rfd1 Qe7 15. Rac1 Ba6 16. Bxa6 Rxa6 17. Qe2 Raa8 18. dxe5 dxe5 19. Nd2 Rfb8 20. Nc4 Nc5 21. Rd6 Nb3 22. Rcd1 Qc7 23. Qf3 Rb4 24. Bb6 Rxb6 25. Nxb6 Qxb6 26. Nb5 Nc5 27. Nc3 Ne6 28. Nd5 Nxd5 29. exd5 Nd4 30. Qe4 Qc5 31. Rd7 cxd5 32. Rxd5 Qa7 33. Rc1 Rb8 34. Rcc5 Qb6 35. Rxa5 Qxb2 36. Rd7 Ne2+ 37. Kh2 Nf4 38. Qc4 Ne6 39. f3 Qf2 40. Raa7 Rb2 41. Qg4 h5 42. Qg3 Qxg3+ 43. Kxg3 h4+ 44. Kh2 Bh6 45. Rab7 Ra2 46. Rb8+ Kg7 47. Rbb7 Bf4+ 48. Kg1 Ng5 49. Rb4 Bg3 50. Kf1 Ne6 51. Rbb7 Nf4 52. Rxf7+ Kh6 53. Rxf4 Bxf4 54. Ra7 Be3 55. Ra5 Bd4 0-1

[Event "Mislata op 52nd"]
[Site "Mislata"]
[Date "2018.08.07"]
[Round "2"]
[White "Safranska, Anda"]
[Black "Davtyan, David"]
[Result "1/2-1/2"]
[WhiteElo "2193"]
[BlackElo "2069"]
[PlyCount "93"]
[EventDate "2018.08.06"]
[EventType "swiss"]
[EventRounds "9"]
[EventCountry "ESP"]
[SourceTitle "CBM 185 Extra"]
[Source "ChessBase"]
[SourceDate "2018.07.29"]
[SourceVersion "1"]
[SourceVersionDate "2018.07.29"]
[SourceQuality "1"]

1. Nf3 Nf6 2. g3 g6 3. b3 Bg7 4. Bb2 c5 5. Bg2 Nc6 6. 0-0 d5 7. d3 Qc7 8. e4 dxe4 9. dxe4 0-0 10. Re1 Rd8 11. Qc1 e5 12. Na3 Nd4 13. c3 Nxf3+ 14. Bxf3 a6 15. Nc4 b5 16. Ne3 Bb7 17. Qc2 Bh6 18. c4 Bxe3 19. Rxe3 b4 20. Bg2 Nd7 21. Rf1 Nb8 22. f4 Nc6 23. Qf2 Re8 24. fxe5 Nxe5 25. Qf4 Rad8 26. Re2 Rd7 27. Qg5 Qd8 28. Qe3 Qe7 29. Bh3 f5 30. Bxf5 gxf5 31. Rxf5 Ng6 32. e5 Rd1+ 33. Kf2 Rf8 34. g4 Qh4+ 35. Qg3 Qxg3+ 36. hxg3 Rd3 37. e6 Rf3+ 38. Ke1 Rxg3 39. Rxc5 Rg1+ 40. Kd2 Rd8+ 41. Kc2 Rxg4 42. Bf6 Re8 43. Rc7 Be4+ 44. Rxe4 Rxe4 45. Rg7+ Kf8 46. Rf7+ Kg8 47. Rg7+ 1/2-1/2

[Event "Famalicao op 6th"]
[Site "Famalicao"]
[Date "2018.07.31"]
[Round "4"]
[White "Machado, Tomas Dias"]
[Black "Safranska, Anda"]
[Result "1/2-1/2"]
[WhiteElo "1929"]
[BlackElo "2211"]
[PlyCount "66"]
[EventDate "2018.07.29"]
[EventType "swiss"]
[EventRounds "9"]
[EventCountry "POR"]
[SourceTitle "CBM 185 Extra"]
[Source "ChessBase"]
[SourceDate "2018.07.29"]
[SourceVersion "1"]
[SourceVersionDate "2018.07.29"]
[SourceQuality "1"]

1. e4 g6 2. d4 Bg7 3. Nf3 d6 4. c4 e5 5. d5 f5 6. Bd3 fxe4 7. Bxe4 Nf6 8. Bg5 0-0 9. Nc3 Qe8 10. Bxf6 Bxf6 11. Qd2 Na6 12. h4 Qe7 13. 0-0-0 Nc5 14. Rde1 Bg4 15. Ng5 a5 16. f3 Bd7 17. Kb1 Nxe4 18. Ncxe4 Bf5 19. Ka1 h6 20. Nxf6+ Qxf6 21. Ne4 Bxe4 22. Rxe4 Kg7 23. Rh3 Qf5 24. a3 b6 25. Rg3 Rf6 26. Reg4 Kh7 27. Qe2 Raf8 28. Ka2 Rg8 29. Qd2 Rg7 30. a4 Qd7 31. Qc2 Qf5 32. Qd2 Re7 33. Qe2 Rg7 1/2-1/2

[Event "Famalicao op 6th"]
[Site "Famalicao"]
[Date "2018.07.30"]
[Round "2"]
[White "Safranska, Anda"]
[Black "Pipiras, Filipa Fortuna"]
[Result "1-0"]
[WhiteElo "2211"]
[BlackElo "1758"]
[PlyCount "91"]
[EventDate "2018.07.29"]
[EventType "swiss"]
[EventRounds "9"]
[EventCountry "POR"]
[SourceTitle "CBM 185 Extra"]
[Source "ChessBase"]
[SourceDate "2018.07.29"]
[SourceVersion "1"]
[SourceVersionDate "2018.07.29"]
[SourceQuality "1"]

1. g3 d5 2. Bg2 Nf6 3. Nf3 e6 4. 0-0 c5 5. d3 Be7 6. Nbd2 Nc6 7. e4 Qc7 8. a3 b6 9. Re1 Bb7 10. c3 a5 11. a4 0-0-0 12. exd5 exd5 13. Nb3 Rhe8 14. d4 c4 15. Nbd2 Bd6 16. Rxe8 Rxe8 17. Nf1 Ne4 18. Ne3 Ne7 19. Nd2 Nxd2 20. Bxd2 g6 21. b3 f5 22. bxc4 dxc4 23. Qe2 Bxg2 24. Nxg2 Qc6 25. Qe6+ Kd8 26. Bg5 Kc7 27. Ne3 Nc8 28. Qf7+ Kb8 29. d5 Rf8 30. Qxf8 Bxf8 31. dxc6 Kc7 32. Nxc4 Kxc6 33. Re1 Bc5 34. Re8 Nd6 35. Nxd6 Bxd6 36. Kf1 Kc5 37. Rc8+ Kd5 38. c4+ Ke6 39. Be3 Kd7 40. Rh8 Kc6 41. Rxh7 Be5 42. Rh6 Kb7 43. Rxg6 Bc7 44. h4 Ka7 45. h5 Kb7 46. h6 1-0

[Event "Barbera del Valles op 41st"]
[Site "Barbera del Valles"]
[Date "2018.07.10"]
[Round "7"]
[White "Safranska, Anda"]
[Black "Sapale, Saloni"]
[Result "1/2-1/2"]
[WhiteElo "2211"]
[BlackElo "2145"]
[PlyCount "50"]
[EventDate "2018.07.04"]
[EventType "swiss"]
[EventRounds "9"]
[EventCountry "ESP"]
[SourceTitle "CBM 185 Extra"]
[Source "ChessBase"]
[SourceDate "2018.07.29"]
[SourceVersion "1"]
[SourceVersionDate "2018.07.29"]
[SourceQuality "1"]

1. e4 e6 2. Qe2 c5 3. g3 Nc6 4. c3 g6 5. Bg2 Bg7 6. d3 Nge7 7. Be3 b6 8. f4 d6 9. Nf3 Ba6 10. Bf2 e5 11. 0-0 0-0 12. Rd1 Rb8 13. Na3 Qc7 14. Qe1 Rbe8 15. Qd2 d5 16. exd5 Nxd5 17. Nxe5 Nxe5 18. fxe5 Qxe5 19. d4 Qf5 20. Re1 c4 21. Nc2 Bc8 22. Rad1 Qh5 23. Rxe8 Rxe8 24. Re1 Be6 25. Qe2 Qxe2 1/2-1/2

[Event "Barbera del Valles op 41st"]
[Site "Barbera del Valles"]
[Date "2018.07.07"]
[Round "4"]
[White "Kavisha, S Shah"]
[Black "Safranska, Anda"]
[Result "0-1"]
[WhiteElo "1723"]
[BlackElo "2211"]
[PlyCount "56"]
[EventDate "2018.07.04"]
[EventType "swiss"]
[EventRounds "9"]
[EventCountry "ESP"]
[SourceTitle "CBM 185 Extra"]
[Source "ChessBase"]
[SourceDate "2018.07.29"]
[SourceVersion "1"]
[SourceVersionDate "2018.07.29"]
[SourceQuality "1"]

1. e4 g6 2. d4 Bg7 3. Nc3 a6 4. a4 d6 5. h3 Nc6 6. Nf3 Nf6 7. Bc4 Nxe4 8. Bxf7+ Kxf7 9. Nxe4 d5 10. Nc5 Qd6 11. Ng5+ Kg8 12. Qf3 Bf6 13. c3 h6 14. Bf4 e5 15. Nge4 dxe4 16. Nxe4 Qe7 17. Bxh6 Rxh6 18. Nxf6+ Kg7 19. Nd5 Qd6 20. 0-0 Bf5 21. Ne3 Rf8 22. Nc4 Qd8 23. d5 Be6 24. Qg3 Qxd5 25. b3 Qc5 26. Rad1 Bxc4 27. bxc4 Qxc4 28. Rd7+ Rf7 0-1